000 00929cam a22002413a 4500
001 18384
003 PGUSA
005 20140828083406.0
008 060512s2006||||xxu|||||s|||||000 | eng d
040 _aPGUSA
_beng
042 _adc
050 4 _aPR
100 1 _aHarrison, Frederic,
_d1831-1923
245 1 0 _aStudies in Early Victorian Literature
_h[electronic resource] /
_cFrederic Harrison
260 _bProject Gutenberg,
_c2006
505 0 _aCharacteristics of Victorian literature -- Thomas Carlyle -- Lord Macaulay -- Benjamin Disraeli -- William Makepeace Thackeray -- Charles Dickens -- Charlotte Bronte -- Charles Kingsley -- Anthony Trollope -- George Eliot.
506 _aPublic domain in the USA.
516 _aElectronic text
653 _aEnglish literature -- 19th century -- History and criticism
830 0 _aProject Gutenberg
_v18384
856 4 0 _uhttp://www.gutenberg.org/ebooks/18384
942 _cEB
999 _c247639
_d247639